[Event "Wch Seniors 65 29th"]
[Site "Bucharest"]
[Date "2019.11.18"]
[Round "6"]
[White "Bogdanov, Valentin"]
[Black "Giulian, Philip Maurice"]
[Result "0-1"]
[WhiteElo "2350"]
[BlackElo "2137"]
[PlyCount "74"]
[EventDate "2019.11.12"]
[EventType "swiss"]
[EventRounds "11"]
[EventCountry "ROU"]
[SourceTitle "CBM 193 Extra"]
[Source "ChessBase"]
[SourceDate "2020.01.31"]
[SourceVersion "1"]
[SourceVersionDate "2020.01.31"]
[SourceQuality "1"]

1. e4 e6 2. d4 d5 3. Nc3 Nf6 4. e5 Nfd7 5. f4 c5 6. Nf3 a6 7. Be3 Qb6 8. a3 Nc6 9. Na4 Qa5+ 10. c3 c4 11. b4 cxb3 12. Qxb3 b5 13. Nb2 Nb6 14. Be2 Nc4 15. Bf2 Bd7 16. 0-0 Qc7 17. Nxc4 bxc4 18. Qa2 Be7 19. Bh4 0-0 20. Bxe7 Nxe7 21. Bd1 Rab8 22. Qd2 Qa5 23. a4 f5 24. exf6 gxf6 25. Bc2 Nf5 26. Bxf5 exf5 27. Nh4 Rfe8 28. h3 Re4 29. Rf3 Qb6 30. Rf2 a5 31. Kh2 Qb3 32. Rg1 Kh8 33. g4 fxg4 34. hxg4 Rg8 35. f5 Rgxg4 36. Rxg4 Rxg4 37. Qh6 Qb8+ 0-1

[Event "EU-ch Seniors 65 19th"]
[Site "Rhodes"]
[Date "2019.04.12"]
[Round "7"]
[White "Giulian, Philip Maurice"]
[Black "Stebbings, Anthony"]
[Result "0-1"]
[WhiteElo "2133"]
[BlackElo "2281"]
[PlyCount "54"]
[EventDate "2019.04.06"]
[EventType "swiss"]
[EventRounds "9"]
[EventCountry "GRE"]
[SourceTitle "CBM 189 Extra"]
[Source "ChessBase"]
[SourceDate "2019.06.03"]
[SourceVersion "1"]
[SourceVersionDate "2019.06.03"]
[SourceQuality "1"]

1. c4 c5 2. Nf3 Nf6 3. b3 Nc6 4. Bb2 d5 5. cxd5 Nxd5 6. Nc3 e5 7. e3 Nxc3 8. Bxc3 Bd6 9. Bb5 Qe7 10. 0-0 0-0 11. d4 cxd4 12. exd4 e4 13. Bxc6 bxc6 14. Ne5 c5 15. Nc4 Ba6 16. Re1 Bxc4 17. bxc4 f5 18. d5 Qh4 19. g3 Qh3 20. Re3 Rab8 21. Rb1 Qg4 22. Qe1 h5 23. Rxb8 Rxb8 24. Ba1 h4 25. Rb3 Rxb3 26. axb3 h3 27. Kf1 Qf3 0-1

[Event "Gibraltar Masters 17th"]
[Site "Caleta"]
[Date "2019.01.30"]
[Round "9"]
[White "Teh, Wee Zhun"]
[Black "Giulian, Philip Maurice"]
[Result "1/2-1/2"]
[WhiteElo "1818"]
[BlackElo "2165"]
[PlyCount "78"]
[EventDate "2019.01.22"]
[EventType "swiss"]
[EventRounds "10"]
[EventCountry "GGB"]
[SourceTitle "CBM 188 Extra"]
[Source "ChessBase"]
[SourceDate "2019.02.26"]
[SourceVersion "1"]
[SourceVersionDate "2019.02.26"]
[SourceQuality "1"]

1. d4 d5 2. c4 e6 3. Nc3 c6 4. e4 dxe4 5. Nxe4 Bb4+ 6. Nc3 e5 7. Be3 exd4 8. Qxd4 Qxd4 9. Bxd4 Nf6 10. a3 Bxc3+ 11. Bxc3 0-0 12. Bxf6 gxf6 13. Bd3 Nd7 14. Nf3 Nc5 15. Bc2 Re8+ 16. Kd2 Ne4+ 17. Bxe4 Rxe4 18. b3 Bg4 19. Rhe1 Rd8+ 20. Kc3 Bxf3 21. gxf3 Red4 22. Re3 Rd2 23. Re8+ Rxe8 24. Kxd2 Kg7 25. Rg1+ Kh6 26. Rg4 f5 27. Rd4 Re7 28. Rh4+ Kg6 29. f4 Re4 30. f3 Rd4+ 31. Kc3 c5 32. a4 b6 33. Kc2 h6 34. Kc3 Rd1 35. Rh3 Rf1 36. Kc2 Rf2+ 37. Kc3 Kh7 38. Kd3 Rf1 39. Kc2 Rf2+ 1/2-1/2

[Event "Gibraltar Masters 17th"]
[Site "Caleta"]
[Date "2019.01.29"]
[Round "8"]
[White "Burke, Mitchell R"]
[Black "Giulian, Philip Maurice"]
[Result "1-0"]
[WhiteElo "1994"]
[BlackElo "2165"]
[PlyCount "75"]
[EventDate "2019.01.22"]
[EventType "swiss"]
[EventRounds "10"]
[EventCountry "GGB"]
[SourceTitle "CBM 188 Extra"]
[Source "ChessBase"]
[SourceDate "2019.02.26"]
[SourceVersion "1"]
[SourceVersionDate "2019.02.26"]
[SourceQuality "1"]

1. f4 d5 2. Nf3 g6 3. g3 Bg7 4. Bg2 Nf6 5. 0-0 b6 6. d3 Bb7 7. Qe1 0-0 8. h3 c5 9. g4 e6 10. c3 Nbd7 11. Na3 a6 12. Nc2 Qe7 13. Qh4 Qd8 14. Qg3 Qe7 15. Bd2 Rae8 16. Rae1 c4 17. Ne5 Nxe5 18. fxe5 Nd7 19. d4 f6 20. exf6 Nxf6 21. Bf4 Ne4 22. Bxe4 dxe4 23. Bd6 Rxf1+ 24. Rxf1 Qd7 25. Ne3 b5 26. g5 Rd8 27. Be5 Rf8 28. Bxg7 Qxg7 29. Rxf8+ Qxf8 30. Qc7 Qf7 31. Qb8+ Kg7 32. Qe5+ Kf8 33. Qb8+ Kg7 34. Ng4 Bd5 35. Qe5+ Kf8 36. Nh6 Qg7 37. Qb8+ Ke7 38. Qc7+ 1-0

[Event "Gibraltar Masters 17th"]
[Site "Caleta"]
[Date "2019.01.23"]
[Round "2"]
[White "Giulian, Philip Maurice"]
[Black "Quillan, Gary"]
[Result "0-1"]
[WhiteElo "2165"]
[BlackElo "2364"]
[PlyCount "70"]
[EventDate "2019.01.22"]
[EventType "swiss"]
[EventRounds "10"]
[EventCountry "GGB"]
[SourceTitle "CBM 188 Extra"]
[Source "ChessBase"]
[SourceDate "2019.02.26"]
[SourceVersion "1"]
[SourceVersionDate "2019.02.26"]
[SourceQuality "1"]

1. Nf3 Nf6 2. c4 e6 3. g3 c5 4. Bg2 Nc6 5. 0-0 Be7 6. Nc3 0-0 7. d4 d5 8. cxd5 exd5 9. dxc5 Bxc5 10. Bg5 d4 11. Ne4 Be7 12. Bxf6 Bxf6 13. Nxf6+ Qxf6 14. b4 a6 15. a4 Rd8 16. b5 Na5 17. Rb1 Be6 18. Rb4 Nc4 19. Nd2 axb5 20. axb5 Nxd2 21. Qxd2 Rd7 22. Rd1 h5 23. h4 Rad8 24. Be4 Qe5 25. Bf3 d3 26. Re1 Qc5 27. Reb1 dxe2 28. Qxe2 Rd3 29. Rf4 Rc3 30. Kg2 Rc2 31. Qe1 b6 32. Be4 Rc4 33. Kg1 Rdd4 34. Qe3 g6 35. Kh2 Bf5 0-1

[Event "Gibraltar Masters 17th"]
[Site "Caleta"]
[Date "2019.01.22"]
[Round "1"]
[White "Henderson de la Fuente, Lance"]
[Black "Giulian, Philip Maurice"]
[Result "1-0"]
[WhiteElo "2489"]
[BlackElo "2165"]
[PlyCount "91"]
[EventDate "2019.01.22"]
[EventType "swiss"]
[EventRounds "10"]
[EventCountry "GGB"]
[SourceTitle "CBM 188 Extra"]
[Source "ChessBase"]
[SourceDate "2019.02.26"]
[SourceVersion "1"]
[SourceVersionDate "2019.02.26"]
[SourceQuality "1"]

1. e4 e6 2. d4 d5 3. Nd2 c5 4. exd5 exd5 5. Ngf3 Nc6 6. Bb5 Qe7+ 7. Be2 Qc7 8. 0-0 Nf6 9. Re1 cxd4 10. Nb3 Bb4 11. Bd2 Bxd2 12. Qxd2 0-0 13. Bd3 Bd7 14. Nbxd4 Rae8 15. c3 h6 16. Rxe8 Rxe8 17. Re1 Rxe1+ 18. Qxe1 Nxd4 19. Nxd4 Qd6 20. f3 Kf8 21. Qd2 Ne8 22. Bc2 Nc7 23. Bb3 Kg8 24. Kh1 a5 25. a3 a4 26. Ba2 Qe5 27. Nc2 Be6 28. Nb4 Qg5 29. f4 Qf5 30. c4 Qe4 31. f5 Qxf5 32. h3 Qe4 33. cxd5 Bxh3 34. d6 Bxg2+ 35. Kg1 Qf3 36. Bc4 Bh3 37. dxc7 Qg3+ 38. Kh1 Qxc7 39. Qe2 Bf5 40. Qe8+ Kh7 41. Qxf7 Be4+ 42. Kg1 Qg3+ 43. Kf1 Qg2+ 44. Ke1 Qxb2 45. Qg8+ Kg6 46. Qe6+ 1-0

[Event "Wch Seniors 65 28th"]
[Site "Bled"]
[Date "2018.11.29"]
[Round "11"]
[White "Shirazi, Kamran"]
[Black "Giulian, Philip Maurice"]
[Result "1-0"]
[WhiteElo "2333"]
[BlackElo "2179"]
[PlyCount "79"]
[EventDate "2018.11.18"]
[EventType "swiss"]
[EventRounds "11"]
[EventCountry "SLO"]
[SourceTitle "EXT 2020"]
[Source "ChessBase"]
[SourceDate "2019.10.17"]
[SourceVersion "1"]
[SourceVersionDate "2019.10.17"]
[SourceQuality "1"]

1. g3 d5 2. Bg2 Nf6 3. d3 c5 4. Nf3 Nc6 5. 0-0 e6 6. c4 d4 7. e3 Bd6 8. Na3 0-0 9. Re1 e5 10. Nb5 Bb8 11. exd4 cxd4 12. Bd2 a6 13. Qa4 Nd7 14. Na3 Nc5 15. Qc2 Bf5 16. Bf1 a5 17. Nb5 Re8 18. Nh4 Be6 19. a3 h6 20. b4 axb4 21. axb4 Rxa1 22. Rxa1 Nd7 23. Bg2 g5 24. Nf3 Bf5 25. h4 f6 26. c5 Kg7 27. Ra8 Qe7 28. Nd6 Bxd6 29. cxd6 Qf8 30. Rxe8 Qxe8 31. b5 Na7 32. hxg5 hxg5 33. Qc4 Be6 34. Qa4 Nc8 35. Nxd4 exd4 36. Qxd4 Nf8 37. Bxg5 Nh7 38. Bf4 Qxb5 39. Be4 Nf8 40. Bh6+ 1-0

[Event "Wch Seniors 65 28th"]
[Site "Bled"]
[Date "2018.11.28"]
[Round "10"]
[White "Giulian, Philip Maurice"]
[Black "Pushkov, Nikolai"]
[Result "1/2-1/2"]
[WhiteElo "2179"]
[BlackElo "2324"]
[PlyCount "55"]
[EventDate "2018.11.18"]
[EventType "swiss"]
[EventRounds "11"]
[EventCountry "SLO"]
[SourceTitle "CBM 187 Extra"]
[Source "ChessBase"]
[SourceDate "2018.11.04"]
[SourceVersion "1"]
[SourceVersionDate "2018.11.04"]
[SourceQuality "1"]

1. c4 e6 2. g3 d5 3. Bg2 Nf6 4. Nf3 Be7 5. 0-0 0-0 6. b3 Nbd7 7. Bb2 c6 8. d3 a5 9. Nc3 Nc5 10. d4 Nce4 11. Nxe4 Nxe4 12. Nd2 Nxd2 13. Qxd2 b6 14. e4 Bb7 15. Rfd1 Qd7 16. h4 Rfd8 17. Qe3 a4 18. Bc3 Ra7 19. cxd5 cxd5 20. e5 Ba6 21. Bb2 Rc8 22. Rac1 Rac7 23. Rxc7 Rxc7 24. Rc1 axb3 25. axb3 Rxc1+ 26. Qxc1 h6 27. Bf1 Bxf1 28. Qxf1 1/2-1/2

[Event "Wch Seniors 65 28th"]
[Site "Bled"]
[Date "2018.11.26"]
[Round "8"]
[White "Ilic, Slobodan S2222"]
[Black "Giulian, Philip Maurice"]
[Result "1/2-1/2"]
[WhiteElo "2026"]
[BlackElo "2179"]
[PlyCount "48"]
[EventDate "2018.11.18"]
[EventType "swiss"]
[EventRounds "11"]
[EventCountry "SLO"]
[SourceTitle "CBM 187 Extra"]
[Source "ChessBase"]
[SourceDate "2018.11.04"]
[SourceVersion "1"]
[SourceVersionDate "2018.11.04"]
[SourceQuality "1"]

1. e4 Nf6 2. e5 Nd5 3. d4 d6 4. Nf3 g6 5. c4 Nb6 6. h3 Bg7 7. exd6 cxd6 8. Be2 0-0 9. 0-0 Nc6 10. Be3 Bf5 11. Nc3 d5 12. c5 Nc4 13. Bc1 b6 14. cxb6 axb6 15. Bd3 Bxd3 16. Qxd3 e6 17. Rd1 Nd6 18. Bg5 Bf6 19. h4 Nf5 20. g3 h6 21. Bxf6 Qxf6 22. Kg2 Rfc8 23. b3 Rab8 24. Nb5 Kg7 1/2-1/2

[Event "WchT Seniors 65"]
[Site "Dresden"]
[Date "2018.07.15"]
[Round "9.1"]
[White "Jones, Iolo Cerredig"]
[Black "Giulian, Philip Maurice"]
[Result "1/2-1/2"]
[WhiteElo "2175"]
[BlackElo "2149"]
[PlyCount "25"]
[EventDate "2018.07.07"]
[EventType "team-swiss"]
[EventRounds "9"]
[EventCountry "GER"]
[SourceTitle "EXT 2021"]
[Source "ChessBase"]
[SourceDate "2020.10.23"]
[SourceVersion "1"]
[SourceVersionDate "2020.10.23"]
[SourceQuality "1"]
[WhiteTeam "Wales Deheubarth"]
[BlackTeam "Scotland"]
[WhiteTeamCountry "WLS"]
[BlackTeamCountry "SCO"]

1. Nf3 d6 2. Nc3 g6 3. d4 Bg7 4. e4 Nf6 5. Be2 0-0 6. 0-0 a6 7. a4 Nc6 8. Bg5 h6 9. Be3 e5 10. dxe5 dxe5 11. Bc5 Re8 12. Qxd8 Rxd8 13. Rfd1 1/2-1/2

[Event "Ayr op"]
[Site "Ayr"]
[Date "2018.05.27"]
[Round "4"]
[White "Irving, Neil"]
[Black "Giulian, Philip Maurice"]
[Result "0-1"]
[WhiteElo "1890"]
[BlackElo "2151"]
[PlyCount "76"]
[EventDate "2018.05.25"]
[EventType "swiss"]
[EventRounds "5"]
[EventCountry "SCO"]
[SourceTitle "CBM 184 Extra"]
[Source "ChessBase"]
[SourceDate "2018.06.28"]
[SourceVersion "1"]
[SourceVersionDate "2018.06.28"]
[SourceQuality "1"]

1. Nf3 d5 2. d4 e6 3. c4 a6 4. g3 dxc4 5. Bg2 b5 6. Ne5 c6 7. Nxc6 Qb6 8. Na5 Ra7 9. Bd2 c3 10. Bxc3 b4 11. Nc4 Qc7 12. b3 bxc3 13. Nxc3 Bb7 14. e4 Bb4 15. Rc1 Nf6 16. Qe2 0-0 17. 0-0 Qe7 18. e5 Nd5 19. Ne4 a5 20. Qh5 Nd7 21. Ng5 h6 22. h4 f5 23. a3 Bxa3 24. Nxa3 Qxa3 25. Qg6 hxg5 26. Qxe6+ Kh8 27. Bxd5 Bxd5 28. Qxd5 gxh4 29. gxh4 Qe7 30. Kg2 Ra6 31. Rc7 Rd8 32. Re1 Rg6+ 33. Kf3 Nb6 34. Qb7 Qxh4 35. Ke2 Qxd4 36. Rh1+ Kg8 37. e6 Qd3+ 38. Ke1 Qd1# 0-1

[Event "EU-chT Seniors 65"]
[Site "Walbrzych"]
[Date "2018.04.22"]
[Round "9.1"]
[White "Giulian, Philip Maurice"]
[Black "Buchal, Stephan"]
[Result "0-1"]
[WhiteElo "2124"]
[BlackElo "2310"]
[PlyCount "50"]
[EventDate "2018.04.14"]
[EventType "team-swiss"]
[EventRounds "9"]
[EventCountry "POL"]
[SourceTitle "CBM 184 Extra"]
[Source "ChessBase"]
[SourceDate "2018.06.28"]
[SourceVersion "1"]
[SourceVersionDate "2018.06.28"]
[SourceQuality "1"]
[WhiteTeam "Scotland 65"]
[BlackTeam "Germany 65"]
[WhiteTeamCountry "SCO"]
[BlackTeamCountry "GER"]

1. Nf3 g6 2. g3 Bg7 3. d4 Nf6 4. c4 0-0 5. Bg2 d6 6. 0-0 Nc6 7. Nc3 a6 8. d5 Na5 9. b3 Rb8 10. Bd2 c5 11. dxc6 Nxc6 12. Qc1 Re8 13. Rd1 Bd7 14. a4 Qb6 15. Ra3 Rec8 16. e4 Qc5 17. Nd5 Nxd5 18. exd5 Nd4 19. Nxd4 Bxd4 20. Be3 Bxe3 21. fxe3 b5 22. axb5 axb5 23. Bf1 Bf5 24. Ra2 bxc4 25. bxc4 Rb1 0-1

[Event "EU-chT Seniors 65"]
[Site "Walbrzych"]
[Date "2018.04.15"]
[Round "2.1"]
[White "Giulian, Philip Maurice"]
[Black "Sorensen, Bent"]
[Result "1-0"]
[WhiteElo "2124"]
[BlackElo "2158"]
[PlyCount "51"]
[EventDate "2018.04.14"]
[EventType "team-swiss"]
[EventRounds "9"]
[EventCountry "POL"]
[SourceTitle "CBM 184 Extra"]
[Source "ChessBase"]
[SourceDate "2018.06.28"]
[SourceVersion "1"]
[SourceVersionDate "2018.06.28"]
[SourceQuality "1"]
[WhiteTeam "Scotland 65"]
[BlackTeam "Denmark Norresundby 65"]
[WhiteTeamCountry "SCO"]
[BlackTeamCountry "DEN"]

1. d4 d5 2. c4 e6 3. Nc3 c6 4. Nf3 Nf6 5. e3 Nbd7 6. Bd3 Bd6 7. e4 Nxe4 8. Nxe4 dxe4 9. Bxe4 c5 10. 0-0 Qc7 11. dxc5 Bxc5 12. b3 0-0 13. Bb2 f6 14. Rc1 Re8 15. Ng5 Nf8 16. Nxh7 Qf4 17. Bb1 Re7 18. Nxf8 Kxf8 19. Qh5 e5 20. Qh8+ Kf7 21. Bh7 Bh3 22. Qxa8 f5 23. Qg8+ Kf6 24. Qf8+ Kg5 25. Rc3 Bg4 26. Bc1 1-0

[Event "Prague op 16th"]
[Site "Prague"]
[Date "2017.01.14"]
[Round "2"]
[White "Giulian, Philip Maurice"]
[Black "Krishna, C Revanth Gopala"]
[Result "0-1"]
[WhiteElo "2149"]
[BlackElo "2404"]
[PlyCount "38"]
[EventDate "2017.01.13"]
[EventType "swiss"]
[EventRounds "9"]
[EventCountry "CZE"]
[SourceTitle "CBM 176 Extra"]
[Source "ChessBase"]
[SourceDate "2017.03.02"]
[SourceVersion "1"]
[SourceVersionDate "2017.03.02"]
[SourceQuality "1"]

1. d4 c5 2. d5 f5 3. Nc3 Nf6 4. Bg5 Qb6 5. Rb1 h6 6. Bxf6 Qxf6 7. Nf3 d6 8. e4 g5 9. Bb5+ Kd8 10. exf5 Bxf5 11. Bd3 Bg7 12. 0-0 Nd7 13. Re1 Rf8 14. Ne4 Qf7 15. c4 g4 16. Nfd2 Bd4 17. Qe2 Ne5 18. Rf1 g3 19. hxg3 Bg4 0-1

[Event "Wch Seniors 65 26th"]
[Site "Marianske Lazne"]
[Date "2016.11.23"]
[Round "5"]
[White "Giulian, Philip Maurice"]
[Black "Zilbert, Oleg"]
[Result "0-1"]
[WhiteElo "2133"]
[BlackElo "2208"]
[PlyCount "166"]
[EventDate "2016.11.19"]
[EventType "swiss"]
[EventRounds "11"]
[EventCountry "CZE"]
[SourceTitle "CBM 175 Extra"]
[Source "ChessBase"]
[SourceDate "2016.12.12"]
[SourceVersion "1"]
[SourceVersionDate "2016.12.12"]
[SourceQuality "1"]

1. d4 g6 2. c4 Bg7 3. e4 Nc6 4. Be3 e5 5. Ne2 d6 6. Nbc3 f5 7. exf5 gxf5 8. dxe5 dxe5 9. Qxd8+ Nxd8 10. f4 e4 11. Nd4 c6 12. Be2 Nf6 13. 0-0 h5 14. Rfd1 Ng4 15. Bxg4 hxg4 16. Rd2 0-0 17. Rad1 Ne6 18. Nce2 Nxd4 19. Nxd4 Kf7 20. b3 Rd8 21. Kf2 Bf6 22. Kf1 a6 23. Ne2 Rxd2 24. Rxd2 Be6 25. Bb6 Rh8 26. Kg1 Bc8 27. Ng3 Be7 28. Nf1 Rh6 29. Kf2 Rd6 30. Ke3 c5 31. Rxd6 Bxd6 32. Ng3 Be6 33. Ne2 Ke7 34. Nc3 Kd7 35. a4 Be7 36. a5 Bf6 37. Ne2 Kd6 38. Kf2 Bd7 39. Ke3 Bc6 40. h3 gxh3 41. gxh3 Bh4 42. Nc3 Be1 43. Na4 Bxa4 44. bxa4 Bh4 45. Ke2 Be7 46. Ke3 Kd7 47. Kf2 Ke6 48. Kg3 Kf6 49. Bc7 Kg6 50. Kf2 Kh5 51. Kg3 Bh4+ 52. Kg2 Be1 53. Bd8 Bd2 54. Kg3 Be1+ 55. Kg2 Bh4 56. Bb6 Be7 57. Kg3 Kg6 58. Kf2 Kf7 59. Ke3 Ke6 60. Bc7 Bf6 61. Bb6 Kd6 62. Ke2 Kc6 63. Kf2 Bh4+ 64. Ke2 Kd6 65. Kd2 Be7 66. Ke2 Kc6 67. Ke3 Bh4 68. Ke2 Bf6 69. Kf2 Be7 70. Ke3 Kd6 71. Ke2 Kd7 72. Kf2 Bd6 73. Ke3 Kc6 74. h4 Be7 75. h5 Kd7 76. h6 Ke8 77. h7 Bf6 78. Bxc5 Kf7 79. Bb4 Kg7 80. Bd2 Kxh7 81. Bb4 Kg6 82. Bd2 Kh5 83. Be1 Kg4 0-1

[Event "Wch Seniors 65 26th"]
[Site "Marianske Lazne"]
[Date "2016.11.20"]
[Round "2"]
[White "Renman, Nils Gustaf"]
[Black "Giulian, Philip Maurice"]
[Result "0-1"]
[WhiteElo "2352"]
[BlackElo "2133"]
[PlyCount "122"]
[EventDate "2016.11.19"]
[EventType "swiss"]
[EventRounds "11"]
[EventCountry "CZE"]
[SourceTitle "CBM 175 Extra"]
[Source "ChessBase"]
[SourceDate "2016.12.12"]
[SourceVersion "1"]
[SourceVersionDate "2016.12.12"]
[SourceQuality "1"]

1. d4 d5 2. Nf3 Nf6 3. c4 c6 4. Nc3 a6 5. c5 Bf5 6. Bf4 Nbd7 7. e3 Nh5 8. Bd3 Nxf4 9. exf4 Bg4 10. h3 Bxf3 11. Qxf3 g6 12. f5 Bg7 13. 0-0-0 0-0 14. Bc2 e5 15. dxe5 Nxe5 16. Qg3 Qf6 17. f4 Nc4 18. Bb3 Qxf5 19. Bxc4 dxc4 20. Na4 Rad8 21. Qf3 Rd3 22. Rxd3 cxd3 23. g4 Qd7 24. Kd2 Qd4 25. b3 Re8 26. Qxd3 Qxf4+ 27. Kc2 Qf2+ 28. Kb1 Qf6 29. Kc2 Rd8 30. Qe3 Rd5 31. Re1 Bf8 32. b4 Rd4 33. Kb3 Qd8 34. Nb2 a5 35. bxa5 Qd5+ 36. Kc2 Qxc5+ 37. Qc3 Qd5 38. Re8 Kg7 39. Re2 Bb4 40. Qe3 Bxa5 41. Qe5+ Qxe5 42. Rxe5 b6 43. Re3 h5 44. gxh5 gxh5 45. Kb3 Rb4+ 46. Kc2 Kg6 47. Nd3 Rc4+ 48. Kb2 Bc3+ 49. Kb3 b5 50. Rf3 Bg7 51. Rg3+ Kh6 52. Ne1 Be5 53. Re3 Bf4 54. Re2 Bd6 55. Nf3 Rf4 56. Re3 c5 57. Nd2 Rb4+ 58. Kc2 Bf4 59. Rd3 Bxd2 60. Rxd2 Rc4+ 61. Kb2 f5 0-1

[Event "WchT Seniors 50"]
[Site "Radebeul"]
[Date "2016.06.28"]
[Round "3.1"]
[White "Fegan, Chris"]
[Black "Giulian, Philip Maurice"]
[Result "1/2-1/2"]
[WhiteElo "2071"]
[BlackElo "2127"]
[PlyCount "122"]
[EventDate "2016.06.26"]
[EventType "team-swiss"]
[EventRounds "9"]
[EventCountry "GER"]
[SourceTitle "CBM 173 Extra"]
[Source "ChessBase"]
[SourceDate "2016.08.29"]
[SourceVersion "1"]
[SourceVersionDate "2016.08.29"]
[SourceQuality "1"]
[WhiteTeam "England III"]
[BlackTeam "Scotland"]
[WhiteTeamCountry "ENG"]
[BlackTeamCountry "SCO"]

1. e4 c6 2. d3 d5 3. Nd2 g6 4. Ngf3 Bg7 5. g3 e5 6. Bg2 Ne7 7. 0-0 0-0 8. Re1 d4 9. Nc4 b5 10. Ncd2 Nd7 11. b4 a5 12. bxa5 Rxa5 13. Bb2 c5 14. c4 dxc3 15. Bxc3 Ra3 16. Qc2 Nc6 17. Reb1 Ba6 18. Rb3 Ra4 19. a3 Qe7 20. Rbb1 Rc8 21. Qd1 Nb6 22. Bf1 Qd7 23. Be2 Nd4 24. Bxd4 cxd4 25. Rc1 Qd6 26. Rxc8+ Bxc8 27. Qb3 Bd7 28. Ng5 Be8 29. Bd1 Ra8 30. Qb2 Bf8 31. Nb1 Na4 32. Qd2 Qc5 33. f4 exf4 34. gxf4 h6 35. Nf3 Nc3 36. Bb3 Qh5 37. Qg2 Bg7 38. e5 Nxb1 39. Rxb1 Bc6 40. Bd1 Rxa3 41. Nxd4 Bxg2 42. Bxh5 Rxd3 43. Nxb5 Rd2 44. Bd1 Bf8 45. Rc1 Bd5 46. Nc7 Ba3 47. Rb1 Bc5+ 48. Kf1 Bc4+ 49. Ke1 Rxh2 50. Rb8+ Kh7 51. Bf3 Bf2+ 52. Kd1 Bh4 53. Rb4 Ba2 54. Na8 Rf2 55. Be2 Rh2 56. Bf3 h5 57. f5 gxf5 58. Bxh5 Bg5 59. Be2 Bd5 60. Nb6 Kg6 61. Rb5 Be6 1/2-1/2

[Event "EU-chT Seniors 65"]
[Site "Chalkidiki"]
[Date "2016.04.24"]
[Round "6.1"]
[White "Birnboim, Nathan"]
[Black "Giulian, Philip Maurice"]
[Result "1-0"]
[WhiteElo "2344"]
[BlackElo "2141"]
[PlyCount "77"]
[EventDate "2016.04.19"]
[EventType "team-tourn"]
[EventRounds "9"]
[EventCountry "GRE"]
[SourceTitle "CBM 172 Extra"]
[Source "ChessBase"]
[SourceDate "2016.06.21"]
[SourceVersion "1"]
[SourceVersionDate "2016.06.21"]
[SourceQuality "1"]
[WhiteTeam "Israel"]
[BlackTeam "Scotland"]
[WhiteTeamCountry "ISR"]
[BlackTeamCountry "SCO"]

1. e4 e6 2. d3 d5 3. Nd2 Nf6 4. Ngf3 Nc6 5. c3 a5 6. Qc2 e5 7. Be2 Be7 8. 0-0 0-0 9. Re1 Re8 10. Bf1 dxe4 11. dxe4 Bc5 12. Bb5 Bd7 13. Nf1 Nb8 14. a4 Bxb5 15. axb5 Nbd7 16. Ne3 Bxe3 17. Bxe3 Qe7 18. c4 Nc5 19. Bd2 b6 20. b4 axb4 21. Bxb4 Red8 22. Nd2 Nfd7 23. Nf1 Nf8 24. Ne3 Nfe6 25. Nd5 Qd6 26. Bc3 Nd4 27. Bxd4 exd4 28. Rad1 Ne6 29. Kh1 Ra3 30. f4 Rda8 31. e5 Qc5 32. f5 Nf8 33. e6 fxe6 34. fxe6 d3 35. Qc1 Ng6 36. e7 Re8 37. Nxc7 Rxe7 38. Rxe7 Qxe7 39. Nd5 1-0

[Event "Wch Seniors 50 24th"]
[Site "Katerini"]
[Date "2014.11.02"]
[Round "9"]
[White "Findlay, David John"]
[Black "Giulian, Philip Maurice"]
[Result "1/2-1/2"]
[WhiteElo "2162"]
[BlackElo "2177"]
[PlyCount "27"]
[EventDate "2014.10.24"]
[EventType "swiss"]
[EventRounds "11"]
[EventCountry "GRE"]
[SourceTitle "EXT 2015"]
[Source "ChessBase"]
[SourceDate "2014.11.20"]
[SourceVersion "1"]
[SourceVersionDate "2014.11.20"]
[SourceQuality "1"]

1. e4 e6 2. d4 d5 3. e5 c5 4. Nf3 Nc6 5. Bd3 cxd4 6. 0-0 Nge7 7. Re1 Ng6 8. a3 Bd7 9. Nbd2 Qc7 10. Qe2 Nf4 11. Qf1 Ng6 12. Qe2 Nf4 13. Qf1 Ng6 14. Qe2 1/2-1/2